| 000 | 00000nam 2200000za 4500 |
| 001 | 9.685778 |
| 003 | CaOODSP |
| 005 | 20221107134445 |
| 007 | cr ||||||||||| |
| 008 | 150407s2000||||oncab|||osb f000 0 eng d |
| 020 | |z0-662-28566-2 |
| 040 | |aCaOODSP|beng |
| 043 | |an-cn--- |
| 086 | 1 |aR62-323/2000-2E-IN|zR62-323/2000-2E |
| 245 | 00|aUnimpaired for future generations? |nVolume II, |pSetting a new direction for Canada's national parks |h[electronic resource] : |bconserving ecological integrity with Canada's national parks / |cPanel on the Ecological Integrity of Canada's National Parks. |
| 246 | 30|aConserving ecological integrity with Canada's national parks |
| 246 | 30|aSetting a new direction for Canada's national parks |
| 260 | |aOttawa : |bThe Panel, |cc2000. |
| 300 | |a1 vol. in various pagings, [290] p. :|bCol. ill. |
| 500 | |aIssued also in French under title: Intacts pour les générations furures? Volume II, Une nouvelle orientation pour les parcs nationaux du Canada. |
| 504 | |aIncludes bibliographical references. |
| 530 | |aIssued also in printed form. |
| 692 | 07|2gccst|aEcology |
| 692 | 07|2gccst|aEnvironmental protection |
| 692 | 07|2gccst|aNational parks |
| 710 | 2 |aPanel on the Ecological Integrity of Canada's National Parks. |
| 710 | 2 |aParks Canada. |
| 775 | 08|tIntacts pour les générations futures? |w(CaOODSP)9.630367 |
| 856 | 40|qPDF|s7.76 MB|uhttps://publications.gc.ca/collections/collection_2017/pc/R62-323-2000-2-eng.pdf |